Marketingový minimalizmus a jeho vplyv na zvýšenie predaja v maloobchode diplomová práca

Saved in:
Bibliographic Details
Main Author: Hatalová, Mária
Corporate Author: Obchodná fakulta EU. Katedra marketingu
Other Authors: Orgonáš, Jozef, 1957-
Format: Book
Language:Slovak
Published: Bratislava 2019
Tags: Add Tag
No Tags, Be the first to tag this record!

MARC

LEADER 00000nbm a2200000 4500
001 0254076
005 20190704134302.7
041 0 |a slo 
044 |a SK 
245 1 0 |a Marketingový minimalizmus a jeho vplyv na zvýšenie predaja v maloobchode  |b diplomová práca  |c Mária Hatalová ; školiteľ: Jozef Orgonáš 
264 1 |a Bratislava  |c 2019 
300 |a 62 s. 
100 1 |a Hatalová, Mária 
700 1 |a Orgonáš, Jozef, 1957- 
710 2 |a Obchodná fakulta EU. Katedra marketingu